Handbook for the director of Christian education / (Record no. 23280)
[ view plain ]
| 000 -LEADER | |
|---|---|
| fixed length control field | 00660nam a22001811a 4500 |
| 003 - CONTROL NUMBER IDENTIFIER | |
| control field | NEGST |
| 005 - DATE AND TIME OF LATEST TRANSACTION | |
| control field | 20110718124847.0 |
| 008 - FIXED-LENGTH DATA ELEMENTS--GENERAL INFORMATION | |
| fixed length control field | 030611s1953 001 0 eng d |
| 245 00 - TITLE STATEMENT | |
| Title | Handbook for the director of Christian education / |
| Statement of responsibility, etc | ed. by Lois E. LeBar; drawings by Miriam Hunter. |
| Medium | [Text] |
| 260 ## - PUBLICATION, DISTRIBUTION, ETC. (IMPRINT) | |
| Place of publication, distribution, etc | [S.l.] |
| Name of publisher, distributor, etc | [s.n.] |
| Date of publication, distribution, etc | 1953 |
| 300 ## - PHYSICAL DESCRIPTION | |
| Extent | No pagination. |
| 500 ## - GENERAL NOTE | |
| General note | Includes bibliographies. Written by the graduate supervision class of Wheaton College, Wheaton, IL. |
| 590 ## - LOCAL NOTE (RLIN) | |
| Local note | Accession number: 18846 |
| 650 #0 - SUBJECT ADDED ENTRY--TOPICAL TERM | |
| Topical term or geographic name as entry element | Christian education |
| General subdivision | Teaching methods. |
| 650 #0 - SUBJECT ADDED ENTRY--TOPICAL TERM | |
| Topical term or geographic name as entry element | Christian education |
| General subdivision | Textbooks. |
| 700 1# - ADDED ENTRY--PERSONAL NAME | |
| Personal name | LeBar, Lois E. |
| Withdrawn status | Lost status | Source of classification or shelving scheme | Damaged status | Not for loan | Collection code | Home library | Current library | Shelving location | Date acquired | Cost, normal purchase price | Total Checkouts | Full call number | Barcode | Date last seen | Price effective from | Koha item type |
|---|---|---|---|---|---|---|---|---|---|---|---|---|---|---|---|---|
| Library of Congress Classification | General Circulation | AIU/NEGST - Tony Wilmot Memorial Library | AIU/NEGST - Tony Wilmot Memorial Library | Reference | 02/03/2010 | 10.00 | BV 1466.H36 1953 | R05096Y3232 | 09/26/2019 | 02/03/2010 | Books |
